000 00791nam a2200205Ia 4500
003 GCL
008 140319s9999 xx 000 0 ara d
040 _aGCL /
_cGCL
082 0 4 _a956.905
_bب غ
100 1 _aيولا البطل
245 1 0 _aالغزو الاقتصادى الاسرائيلى للبنان عام 1982: مقالات ووقائع ووثائق مختارة من مصادر عبرية /
_cيولا البطل
700 1 _aمحمود سويد (اشراف)
260 _a[S.N] :
_bدار الدراسات الفلسطينية ،
_c1984
300 _a74 ص
490 _a
650 0 4 _aالنزاع العربى الاسرائيلى
650 0 4 _aالاستعمار الاقتصادى
650 0 4 _aلبنان - تاريخ - العصر الحديث
942 _2ddc
_cBK
999 _c54627
_d54627